| 000 | cam a22 a 4500 | ||
|---|---|---|---|
| 999 |
_c3474 _d3474 |
||
| 003 | AKMAL | ||
| 005 | 20170523092143.0 | ||
| 008 | 170523t20102009my a e | 001 0 eng d | ||
| 020 |
_a9789833831456 _qpaperback _cRM69.90 |
||
| 020 |
_a9833831451 _qpaperback |
||
| 040 | _aAKMAL | ||
| 082 | 0 | 4 |
_a658.4092 IRW _222 |
| 090 | 0 | 0 |
_a658.4092 _bIRW |
| 100 | 1 |
_aIrwin, Tim, _d1949-, _eauthor. _96976 |
|
| 245 | 1 | 0 |
_aDERAILED : _bFIVE LESSONS LEARNED FROM CATASTROPHIC FAILURES OF LEADERSHIP / _cTIM IRWIN |
| 264 | 1 |
_aPetaling Jaya : _bAdvantage Quest Publications, _c2010 |
|
| 264 | 4 | _c©2009 | |
| 300 |
_axvii, 217 pages : _billustrations ; _c23 cm |
||
| 500 | _aIncludes index | ||
| 504 | _aBibliography: pages 195-207 | ||
| 650 | 1 | 0 |
_aLeadership _9120 |
| 650 | 2 | 0 |
_aExecutive ability _91222 |
| 942 |
_2ddc _cBOOK |
||